[Event "CZE-ch Open 2018"]
[Site "Ostrava"]
[Date "2018.05.01"]
[Round "4"]
[White "Gnida, Patrik"]
[Black "Kana, Pavel"]
[Result "1-0"]
[WhiteElo "2165"]
[BlackElo "2024"]
[Annotator "TA"]
[PlyCount "65"]
[EventDate "2018.??.??"]
[EventCountry "CZE"]
[SourceTitle "playchess.com"]
[Source "ChessBase"]
[SourceQuality "1"]

{[%evp 16,65,25,24,39,48,60,60,79,82,68,74,72,65,79,84,118,64,65,62,86,16,36,0,64,39,40,53,60,25,318,313,293,339,336,316,293,325,305,284,452,442,552,553,716,638,2157,1646,29982,29983,2514,2288]} 1. c4 {[%cal Bc2c4,Bc4c5][%mdl 32]} Nf6 2. Nc3 c6 3. Nf3 d5 4. d4 a6 5. c5 Nbd7 6. Bf4 Nh5 7. e3 Nxf4 8. exf4 b6 {D15: Slav Defence: 4 Nc3 a6 and gambit lines after 4 Nc3 dxc4} 9. b4 {LiveBook: 32 Games} bxc5 10. bxc5 Qa5 {White is slightly better.} 11. Qd2 Rb8 $146 ({Predecessor:} 11... g6 12. Bd3 Bh6 13. O-O Qc7 14. g3 O-O 15. Rfe1 e6 16. Rab1 {1-0 (32) Piket,J (2632)-Fontaine,R (2451) France 2001}) 12. Bd3 g6 13. O-O Bg7 14. Rac1 Qc7 15. Rfe1 Nf6 16. Rb1 (16. Na4 $16) 16... Rxb1 $14 17. Rxb1 O-O 18. Ne5 (18. g3 $16) 18... Nd7 {[%cal Rd7e5]} 19. Nxd7 Qxd7 (19... Bxd7 $11 20. Ne2 (20. Bxa6 Rb8 $11) 20... Rb8) 20. Qe3 Qc7 21. Rb6 a5 22. Bc2 f6 $2 {[%mdl 8192]} (22... Bd7 $11 {and Black stays safe.}) 23. Ba4 $18 Bd7 {[#]} 24. Bxc6 $1 {[%mdl 512]} Bxc6 25. Qe6+ Kh8 26. Rxc6 ({Worse is} 26. Qxc6 Qxf4 27. Rb1 f5 $11) 26... Qxf4 {( -> ...Qc1+)} 27. Qe3 Qf5 (27... Qb8 $142 28. Rb6 (28. Qxe7 $2 Re8 $19) 28... Qd8) 28. Re6 Rb8 29. Rxe7 {[#] White threatens Re8+ and mate.} h5 30. g3 Rb2 31. c6 {[%cal Bc5c6,Bc6c7][%mdl 32]} Bf8 32. Re8 Kg7 33. c7 {Precision: White = 43%, Black = 17%.} 1-0

[Event "CZE-ch Open 2018"]
[Site "Ostrava"]
[Date "2018.05.01"]
[Round "4"]
[White "Sramek, Vojtech"]
[Black "Skalsky, Alexandr"]
[Result "0-1"]
[WhiteElo "2145"]
[BlackElo "2207"]
[Annotator "TA"]
[PlyCount "110"]
[EventDate "2018.??.??"]
[EventCountry "CZE"]
[SourceTitle "playchess.com"]
[Source "ChessBase"]
[SourceQuality "1"]

{[%evp 19,110,23,51,-6,-4,-42,20,29,36,29,47,26,56,-20,0,0,0,0,0,-184,-175,-217,-217,-218,-225,-262,-253,-256,-222,-225,-230,-286,-275,-278,-281,-273,-281,-370,-362,-354,-316,-304,-279,-283,-275,-274,-271,-300,-270,-320,-284,-281,-286,-310,-314,-314,-306,-300,-297,-282,-237,-267,-211,-614,-618,-610,-588,-658,-636,-637,-577,-659,-652,-643,-610,-749,-749,-748,-740,-628,-625,-1219,-1098,-817,-749,-740,-663,-29984,-29985,-29986,-29984,-29986,-29987]} 1. Nf3 g6 2. e4 c5 3. d4 cxd4 4. Nxd4 Nc6 5. c4 Bg7 6. Nc2 d6 7. Be2 Qb6 {B37: Sicilian: Maroczy Bind with 5...Bg7, sidelines} (7... Nf6 8. Nc3 O-O 9. O-O Be6 10. Bd2 Nd7 11. Rc1 Nc5 12. b4 Bxc3 13. Bxc3 Nxe4 14. Ba1 a5 15. b5 Ne5 16. Qd4 Nf6 17. Ne3 Ned7 18. Bf3 {1-0 (33) Aronian,L (2785)-Flores,D (2579) Doha 2016}) 8. Nc3 Bxc3+ 9. bxc3 Nf6 10. f3 Be6 {LiveBook: 5 Games} 11. Nd4 (11. Bh6 $14) 11... O-O $11 12. Be3 Rfc8 $146 (12... Nxd4 $15 13. cxd4 {[#]} Bxc4 $1 {[%mdl 512]}) ({Predecessor:} 12... Nxd4 13. Bxd4 Qc6 14. Bxf6 exf6 15. Qd4 {½-½ (52) Asuela,E (2275)-Tran,T (2558) Bacolod 2017}) 13. Rb1 Qa5 14. Nxe6 fxe6 15. Qb3 Nd7 {[%cal Bf6d7,Bd7c5,Bc5e4,Be4c3][%mdl 32]} 16. Kf2 (16. Qc2 $14) 16... Nc5 17. Qc2 b6 18. h4 Rf8 $36 {[%mdl 2048] ...Qxc3! is the strong threat. Black has some pressure.} 19. h5 $2 {[#]} (19. Kg1 $11 {and White is okay.}) 19... Qxc3 $1 $19 {[%mdl 512]} 20. Qxc3 Nxe4+ $1 21. Ke1 Nxc3 22. Rb2 Nxe2 23. Rxe2 Rf5 24. hxg6 hxg6 25. f4 Rh5 26. Rxh5 gxh5 {[%mdl 4096] Endgame KRB-KRN} 27. g3 Kf7 28. Kd2 Rg8 29. Bf2 Kf6 30. Re1 Kf5 31. Rh1 Kg6 32. Kd3 Rf8 33. Re1 Rf6 34. a3 Kf7 35. Rh1 Rf5 36. Be3 Ra5 37. Bc1 Kg6 38. Bb2 Nd8 39. Rh4 Nf7 40. g4 Nh6 41. gxh5+ $2 (41. Bc3 Rxa3 42. gxh5+ Kf7 43. Rh1) 41... Rxh5 42. Rxh5 Kxh5 {KB-KN} 43. Ke4 Kg4 44. a4 Nf5 45. Bc3 Ng3+ 46. Ke3 Nh5 47. a5 bxa5 48. Bxa5 Nxf4 49. Ke4 Ng6 50. Bb4 Ne5 51. c5 dxc5 52. Bxc5 Nc6 53. Bxa7 Nxa7 {Black mates.} 54. Ke5 Nc8 55. Kxe6 Kf4 {Precision: White = 33%, Black = 64%.} 0-1

[Event "CZE-ch Open 2018"]
[Site "Ostrava"]
[Date "2018.05.01"]
[Round "4"]
[White "Riha, Vojtech"]
[Black "Cerveny, Martin"]
[Result "1/2-1/2"]
[WhiteElo "2141"]
[BlackElo "2379"]
[Annotator "TA"]
[PlyCount "125"]
[EventDate "2018.??.??"]
[EventCountry "CZE"]
[SourceTitle "playchess.com"]
[Source "ChessBase"]
[SourceQuality "1"]

{[%evp 10,124,-18,-25,33,3,21,0,0,0,35,25,26,18,28,4,21,3,0,3,19,17,31,-4,0,-27,-37,-33,-31,-31,0,0,19,0,8,21,8,10,18,13,43,41,39,43,35,35,44,49,66,67,66,66,68,62,107,85,195,72,72,72,72,72,72,72,72,72,77,72,83,70,110,69,110,62,62,62,110,72,110,110,110,110,110,110,110,72,72,72,72,72,72,72,79,0,0,0,52,52,52,52,52,0,0,0,8,0,0,0,0,0,0,0,50,50,50,0,0]} 1. e4 c5 2. b4 cxb4 3. a3 d5 4. exd5 Qxd5 5. Nf3 e5 6. c4 {LiveBook: 16 Games. B20: Sicilian: Unusual White 2nd moves} Qe4+ (6... Qe6 $11) 7. Be2 $1 $14 Nc6 8. Bb2 Nf6 9. O-O bxa3 10. Nxa3 {[#] And now Nb5 would win.} Be7 $146 ({Predecessor:} 10... Bc5 11. Re1 O-O 12. Bf1 Qf4 13. Bxe5 Nxe5 14. Rxe5 Bxf2+ 15. Kh1 Bg4 16. Rb5 Bd4 17. Ra2 Ne4 18. d3 Ng3+ {0-1 (18) Zajarnyi,A (2405)-Zezulkin,J (2465) Polanica Zdroj 1997}) 11. Re1 Qf5 12. Nc2 e4 13. Ncd4 Nxd4 14. Nxd4 Qd7 15. d3 Bb4 16. Rf1 O-O 17. dxe4 Nxe4 18. Bd3 f5 19. Qc2 Bc5 20. Nb3 $36 {[%mdl 2048] White has good play.} b6 21. Rad1 Qf7 22. Bxe4 fxe4 23. Nxc5 bxc5 24. Qxe4 Bf5 25. Qe5 Rac8 26. Rd5 Be6 {[#] ...Rce8 is the strong threat.} 27. Rxc5 Rxc5 28. Qxc5 Bxc4 29. Re1 {Strongly threatening Re7.} Be6 30. h3 h6 31. Ra1 Ra8 32. Ra6 Bd5 (32... Kh7 $16) 33. Rg6 (33. Ra3 $18 {has better winning chances.}) 33... Qxg6 $16 {[%csl Gd5][%cal Rg6g2]} 34. Qxd5+ Kh7 {Hoping for ...Rf8.} 35. Qxa8 {[%mdl 4096] Endgame} Qb1+ 36. Kh2 Qxb2 37. Qxa7 {KQ-KQ} Qc2 38. Qd4 Kg8 39. h4 {[%cal Bh3h4,Bh4h5][%mdl 32]} Qb1 40. Kg3 Kh8 41. f3 Qe1+ 42. Kh2 Qe2 43. Qe4 Qf2 44. h5 Qc5 45. Qe8+ Kh7 46. Qg6+ Kh8 47. f4 Qf2 48. Qe8+ Kh7 49. Qe4+ Kg8 50. Kh3 Qf1 51. f5 ({White should try} 51. Kg4 $16) 51... Qh1+ $11 52. Kg4 Qd1+ (52... Qc1 $1 $11) 53. Qf3 $14 Qd2 54. Kh3 Qd4 55. f6 (55. g3 $14) 55... Qe5 $11 56. Qb3+ Kh7 57. Qd3+ Kh8 58. Qg6 {[%csl Gf6][%cal Rg6g7]} Qe3+ 59. g3 {[%csl Gf6][%cal Rg6g7]} gxf6 60. Qxf6+ Kh7 61. Qg6+ Kh8 62. Kg4 $2 {[%mdl 8192]} (62. Qf5) 62... Qxg3+ 63. Kxg3 {Precision: White = 45%, Black = 47%.} 1/2-1/2

[Event "CZE-ch Open 2018"]
[Site "Ostrava"]
[Date "2018.05.01"]
[Round "4"]
[White "Mladek, Richard"]
[Black "Jurek, Josef"]
[Result "0-1"]
[WhiteElo "2136"]
[BlackElo "2264"]
[Annotator "TA"]
[PlyCount "82"]
[EventDate "2018.??.??"]
[EventCountry "CZE"]
[SourceTitle "playchess.com"]
[Source "ChessBase"]
[SourceQuality "1"]

{[%evp 15,82,9,15,-76,-72,-79,-84,-83,-81,-79,-75,-76,-83,-107,-50,-105,-102,-172,-169,-164,-132,-150,-118,-136,-120,-181,-173,-190,-165,-245,-135,-260,-231,-275,-276,-343,-326,-308,-185,-181,-192,-190,-184,-214,-207,-229,-216,-258,-214,-228,-214,-197,-223,-218,-205,-426,-427,-518,-514,-608,-507,-512,-506,-484,-475,-535,-531,-535,-525]} 1. e4 e6 2. d4 d5 3. Nd2 a6 4. Ngf3 c5 5. exd5 exd5 6. dxc5 Bxc5 7. Nb3 Bb6 8. Bg5 {C08: French Tarrasch: 3...c5 4 exd5 exd5 sidelines} (8. Bd3 Qe7+ 9. Be2 Nf6 10. O-O O-O 11. Bg5 h6 12. Bh4 Nc6 13. c3 g5 14. Bg3 Ne4 15. Re1 Qf6 16. Qxd5 Nxg3 17. hxg3 {½-½ (41) Fedorchuk,S (2641)-Gurevich,M (2565) Paris 2017}) 8... Nf6 {LiveBook: 20 Games} 9. Be2 (9. Qe2+ $11 Be6 10. Nfd4) 9... Bxf2+ $17 10. Kxf2 {[#] aiming for Bxf6.Black is better.} Ne4+ 11. Kf1 Nxg5 12. Nxg5 Qxg5 13. Bf3 Be6 14. h4 Qf6 (14... Qd8 $17 15. c4 dxc4 16. Qxd8+ Kxd8) 15. Kg1 $146 (15. Qd4 $15) ({Predecessor:} 15. Qd4 Qxd4 16. Nxd4 {0-1 (53) Shahil,D (1914)-Saurabh,K (2202) Mumbai 2017}) 15... O-O $36 {[%cal Bh8f8,Bf8d8,Bd8d5,Bd5e5,Be5e4][%mdl 2080] Keeping White busy.} 16. Bxd5 (16. Qd4 $17) 16... Rd8 $19 17. c4 Nc6 18. Qd2 Bxd5 19. cxd5 Ne7 20. Rh3 (20. Rf1 $17 Qb6+ 21. Qf2 Nxd5 22. Qxb6 Nxb6 23. Rf4) 20... Rxd5 21. Qe2 Re5 22. Qd2 (22. Qf2 $142) 22... Qb6+ (22... Nf5 $19 {...Rae8 is the strong threat.} 23. Rf1 Rd8) 23. Kh1 (23. Qf2 $17 Qxf2+ 24. Kxf2) 23... Rd8 24. Qf4 Qe6 25. Kh2 Re4 26. Qc7 {[%cal Rc7d8] [#]} Qe5+ 27. Qxe5 Rxe5 28. Rc1 b6 29. Rc7 h5 30. Rb7 Rd6 31. Rc3 Re2 32. Rcc7 Nd5 33. Rc8+ Kh7 {( -> ...Rg6)} 34. Nd4 Rxb2 35. Nf3 $2 (35. Rxf7 {was worth a try.} Rxa2 36. Kh3) 35... f6 {Black is clearly winning.} 36. Kh3 Rxa2 37. Ra8 Ra4 38. Raa7 Nf4+ 39. Kg3 Ne6 40. Kf2 a5 41. Ra6 Rb4 {Precision: White = 17%, Black = 71%.} 0-1

[Event "CZE-ch Open 2018"]
[Site "Ostrava"]
[Date "2018.05.01"]
[Round "4"]
[White "Jelinek, Michal"]
[Black "Toman, Jaroslav"]
[Result "1-0"]
[WhiteElo "2134"]
[BlackElo "2233"]
[Annotator "TA"]
[PlyCount "67"]
[EventDate "2018.??.??"]
[EventCountry "CZE"]
[SourceTitle "playchess.com"]
[Source "ChessBase"]
[SourceQuality "1"]

{[%evp 25,67,31,60,27,45,22,16,24,31,-43,27,31,85,4,9,0,106,100,124,82,60,61,72,49,80,16,83,0,39,29,42,35,59,49,79,83,72,71,225,221,1775,1714,1611,1443]} 1. d4 g6 2. c4 Bg7 3. e4 d6 4. Nf3 Nf6 5. Nc3 O-O 6. Be2 e5 7. O-O Nc6 8. d5 Ne7 9. Ne1 Nd7 10. f3 f5 11. g4 Kh8 12. Nd3 Ng8 13. Kh1 {E99: King's Indian: Classical Main Line: 9 Ne1 Nd7 10 f3 f5} Bh6 {LiveBook: 6 Games} (13... f4 14. Rg1 Bf6 15. b4 Bh4 16. c5 Ndf6 17. Bb2 Bd7 18. a4 h5 19. Nxf4 exf4 20. g5 Kh7 21. gxf6 Bxf6 {1-0 (59) Belov,V (2623)-Grischuk,A (2748) Dagomys 2009}) 14. gxf5 gxf5 15. f4 {White is slightly better.} fxe4 16. Nxe4 Qh4 {[#]} 17. Ng5 $146 (17. b3 $14) ({Predecessor:} 17. b3 Ndf6 18. Nxf6 Nxf6 19. fxe5 dxe5 20. Bxh6 Qxh6 {1-0 (54) Gabrielian,A (2524)-Demchenko,A (2524) Belorechensk 2010}) 17... Ndf6 (17... Bxg5 $1 $15 18. fxg5 Rxf1+ 19. Bxf1 Ne7) 18. Nf3 $1 $11 {[%cal Rf3h4]} (18. fxe5 $2 Ng4 $19) 18... Qh3 (18... Qh5 $1 $14) 19. Ng1 (19. Nf2 $16 Qh5 20. Nxe5) 19... Qh4 20. Nf3 $36 {[%mdl 2048] White has some pressure.} (20. Bd2 $11 Bf5 21. Be1 Be4+ 22. Bf3) 20... Qh3 $16 21. Nf2 Qf5 22. Nh4 Qd7 23. fxe5 dxe5 24. Bxh6 Nxh6 25. Ne4 (25. Qd2 $16 Nf5 26. Nxf5 Qxf5 27. Qe3) 25... Qe7 (25... Qh3 $11 {remains equal.} 26. Qe1 (26. Rxf6 $2 Rxf6 27. Ng2 Rg6 $19) (26. Nxf6 Qxh4 27. Qe1 Qxe1 $11) 26... Bf5) 26. Qd3 ({White should try} 26. Qc1 $16 Nhg8 27. Qe3) 26... Bg4 27. Bxg4 Nfxg4 28. Nf3 {[%cal Bh4f3,Bf3g5,Bg5e6][%mdl 32]} Rf4 29. Nfg5 {Threatens to win with Rxf4.} Rg8 30. Rxf4 exf4 31. Ne6 {And now Qc3+ would win.} Nf7 $2 (31... Qf6 $16 {was necessary.}) 32. Rg1 (32. Nxf4 $2 {[#] is a self mate.} Qxe4+ $1 {[%mdl 512]} 33. Kg1 Qh1+ $1 {[%mdl 512]} 34. Kxh1 Nf2#) 32... h6 $2 {[#]} (32... Nge5 33. Qd4 h6 34. Rxg8+ (34. Qxa7 b6 $16) 34... Kxg8 35. Qxa7 (35. Nxf4 Nf3 $16) 35... b6) 33. Rxg4 $1 $18 {[%mdl 512]} Rxg4 34. Qd4+ {Precision: White = 41%, Black = 16%.} 1-0

[Event "CZE-ch Open 2018"]
[Site "Ostrava"]
[Date "2018.05.01"]
[Round "4"]
[White "Bures, Martin"]
[Black "Tuma, Jiri"]
[Result "0-1"]
[WhiteElo "2100"]
[BlackElo "2296"]
[Annotator "TA"]
[PlyCount "138"]
[EventDate "2018.??.??"]
[EventCountry "CZE"]
[SourceTitle "playchess.com"]
[Source "ChessBase"]
[SourceQuality "1"]

{[%evp 17,138,0,0,-10,0,-11,0,-11,7,7,8,-14,-12,-17,-18,-18,-14,-21,-14,-14,-22,-18,-10,-17,-20,-22,-14,-14,-17,-62,-45,-45,-50,-65,-54,-65,-55,-89,-41,-38,-39,-59,-47,-65,-40,-51,-30,-32,-27,-31,-39,-141,-137,-148,-141,-150,0,-137,0,-143,-135,-141,-121,-136,0,-83,0,-136,-141,-145,-137,-136,-134,-143,-142,-108,-42,-43,-15,-15,-4,-15,-17,-62,0,-69,0,-381,-347,-346,-362,-300,-191,-143,-120,-426,-415,-441,-418,-552,-550,-823,-809,-809,-764,-12836,-12833,-12836,-12827,-12820,-6211,-29980,-29981,-29983,-29984,-29986,-29987,-29988,-29988,-29990,-29991,-29990,-29991]} 1. Nf3 Nf6 2. d4 g6 3. c3 Bg7 4. Bf4 O-O 5. h3 b6 6. Nbd2 Bb7 7. e3 d6 8. Bc4 Nbd7 9. O-O Qe8 {LiveBook: 15 Games} 10. Qc2 {A48: 1 d4 Nf6 2 Nf3 g6: Torre, London and Colle Systems} e5 11. dxe5 dxe5 12. Bh2 {The position is equal.} e4 13. Nd4 Ne5 14. Bb5 Qe7 15. Bxe5 Qxe5 16. Bc6 Bxc6 17. Nxc6 Qd6 18. Nd4 $146 c5 19. Nb5 Qd3 20. Na3 Rfd8 $36 {[%mdl 2048] Black has good play.} 21. Rad1 Qxc2 22. Nxc2 Kf8 23. Nb3 Nd7 24. Nd2 f5 25. f3 exf3 26. Nxf3 Nf6 27. Ng5 Rxd1 (27... Ke7 {feels hotter.} 28. Rfe1 Bh6 29. Nf3 Ne4 30. Kf1 Bg7) 28. Rxd1 Ke7 29. Ne1 Rc8 30. Kf1 Rc6 (30... b5 {looks sharper.} 31. Ngf3 Ne4 32. a3 a6 33. Nd2 Rd8) 31. Ke2 Rd6 32. Rxd6 Kxd6 $11 {[%mdl 4096] Endgame KBN-KNN} 33. Kd3 h6 34. Nf7+ (34. Ngf3 $15) 34... Ke6 $17 35. Nd8+ Kd7 36. Nf7 {Ne5+ would now be nice for White.} Ke6 37. Nd8+ Kd7 38. Nf7 {and if Ne5+ works, White does fine.} Ne4 39. Nf3 Ke6 40. Nd8+ Kd7 (40... Kd5 $142 {Hoping for ...Nd6.} 41. c4+ Kd6 42. Nf7+ Ke6 43. Nd8+ Kd7) 41. Nf7 Ke6 (41... g5 $142 $1) 42. Nd8+ Kd6 43. Nf7+ Kd5 44. c4+ Ke6 45. Nd8+ Kd7 46. Nf7 Ke7 ({Don't take} 46... Bxb2 47. N7e5+ Bxe5 48. Nxe5+ Ke7 49. Nxg6+ Kf6 50. Nf4 $15) (46... g5 $1 $17) 47. N7e5 $15 Bxe5 (47... g5 {is more complex.} 48. Nc6+ Kd7 49. Nxa7 Bxb2 50. Nb5 h5) 48. Nxe5 {KN-KN} Kf6 49. Nc6 a5 50. b3 h5 (50... g5 $15) 51. a3 ({White should try} 51. Na7 $11) 51... Ke6 (51... h4 $15) 52. b4 $2 {[%mdl 8192]} (52. h4 $11) 52... cxb4 $1 $19 53. axb4 Kd6 54. b5 Nc5+ 55. Kc3 Ne6 56. h4 $2 {[%mdl 8192]} (56. Na7 $17) 56... f4 $1 57. e4 g5 58. e5+ Kd7 {Threatens to win with ...f3.} 59. hxg5 {And now g6 would win.} f3 60. gxf3 {[#]} h4 $1 61. Nd4 Nxd4 62. Kxd4 {[#] KP-KP} h3 $1 {[%cal Rh3h2]} 63. g6 Ke7 64. f4 h2 {Black mates.} 65. f5 h1=Q 66. f6+ Ke6 67. g7 Qh4+ 68. Kc3 Qg3+ 69. Kd2 Kxe5 {Precision: White = 31%, Black = 65%.} 0-1

[Event "CZE-ch Open 2018"]
[Site "Ostrava"]
[Date "2018.05.01"]
[Round "4"]
[White "Kopriva, Martin"]
[Black "Vybiral, Zdenek"]
[Result "1/2-1/2"]
[WhiteElo "2071"]
[BlackElo "2261"]
[Annotator "TA"]
[PlyCount "55"]
[EventDate "2018.??.??"]
[EventCountry "CZE"]
[SourceTitle "playchess.com"]
[Source "ChessBase"]
[SourceQuality "1"]

{[%evp 12,55,48,31,35,33,58,12,4,-11,16,14,32,-25,-18,-18,19,22,45,-69,0,-25,0,-106,-97,-244,-233,-292,-294,-278,-250,-234,-247,-519,-520,-654,0,0,0,-51,0,-256,0,-25,0,-247]} 1. d4 Nf6 2. c4 g6 3. Nc3 Bg7 4. e4 d6 5. Be2 O-O 6. Be3 Na6 {E73: King's Indian: Averbakh Variation without 6...c5} (6... e5 7. d5 a5 8. g4 Na6 9. h4 Nc5 10. f3 h5 11. g5 Nh7 12. Kd2 Bd7 13. Nh3 c6 14. Nf2 cxd5 15. exd5 f5 16. gxf6 Nxf6 17. Bxc5 dxc5 {0-1 (37) Vallejo Pons,F (2705)-Radjabov,T (2741) Palma de Mallorca 2017}) 7. h4 {LiveBook: 5 Games} c5 8. d5 e6 {White is slightly better.} 9. Qd2 $146 ({Predecessor:} 9. h5 exd5 {½-½ (9) Poeltl,T (2186)-Loebler,H (2146) Austria 2014}) 9... exd5 10. cxd5 Re8 11. f3 Nc7 12. g4 (12. Bg5 $14) 12... a6 $11 {[%cal Ba7a6,Ba6b5][%mdl 32]} 13. h5 b5 {[%cal Bb7b5,Bb5b4][%mdl 32]} 14. Bh6 Bh8 15. Nh3 (15. Bg5 $14) 15... b4 (15... Bxg4 $5 16. hxg6 (16. fxg4 b4 $15) 16... fxg6 $15) 16. Nd1 Nb5 17. Bxb5 (17. Ne3 $11 {keeps the balance.}) 17... axb5 $17 18. Nf4 {[#]} (18. Ng5 $17) 18... Bxg4 $1 $19 {[%mdl 512]} 19. hxg6 (19. fxg4 Nxe4) 19... hxg6 (19... Bxf3 20. gxf7+ Kxf7 21. Ne6 $17) 20. Qg2 {[#]} Bxf3 $1 {[%mdl 512]} 21. Qxf3 Nxe4 22. Ne3 $2 (22. Ne2) 22... Bxb2 23. Ne6 fxe6 $2 (23... Qf6 $19 24. Qxe4 Bxa1) 24. Qxe4 $11 Qf6 25. Rg1 (25. Rf1 $1 $11 exd5 26. Qxd5+ Qe6 27. Rf8+ $1 {[%mdl 512]} Kh7 28. Rf7+ Qxf7 29. Qxf7+ Kxh6 30. Rd1 Rxe3+ 31. Kd2) 25... Kh7 (25... Bxa1 26. Rxg6+ Kh8 27. Rxf6 $16) (25... Qf5 $1 $15 26. Rxg6+ Kh7 27. Nxf5 exd5) 26. Rh1 $2 {[%mdl 8192] [#]} (26. Qh1 $1 $11 Qe5 27. Rb1 Rxa2 28. Bf4+ Qh5 29. Qxh5+ gxh5 30. Rg5) 26... Kg8 $2 (26... Qc3+ 27. Ke2 $18) ({Black should play} 26... exd5 $1 $19 27. Bg5+ Kg8 28. Qxe8+ Rxe8 29. Bxf6 Bxf6) 27. Rg1 Kh7 $2 ({Much weaker is} 27... Bxa1 $6 28. Rxg6+ Kh8 29. Rxf6 $16) (27... Qf5 $11 28. Rxg6+ Kh7 29. Nxf5 exd5) 28. Rh1 {Precision: White = 33%, Black = 41%.} 1/2-1/2

[Event "CZE-ch Open 2018"]
[Site "Ostrava"]
[Date "2018.05.01"]
[Round "4"]
[White "Malinovsky, Petr"]
[Black "Vystrcil, Martin"]
[Result "1/2-1/2"]
[WhiteElo "2006"]
[BlackElo "2146"]
[Annotator "TA"]
[PlyCount "49"]
[EventDate "2018.??.??"]
[EventCountry "CZE"]
[SourceTitle "playchess.com"]
[Source "ChessBase"]
[SourceQuality "1"]

{[%evp 22,49,0,0,0,-35,-29,-40,107,124,94,42,102,35,54,56,129,122,127,64,64,61,171,152,163,58,64,10,73,34]} 1. d4 Nf6 2. c4 e6 3. Nc3 Bb4 4. e3 c5 5. Bd3 b6 6. Nge2 Bb7 7. O-O O-O 8. a3 Bxc3 9. Nxc3 cxd4 10. exd4 d5 {E47: Nimzo-Indian: Rubinstein: 5 Bd3 without ...d5} 11. Bg5 (11. cxd5 Nxd5 12. Qh5 f5 13. Bg5 Qd7 14. Rfe1 Nc6 15. Qh4 Rae8 16. Rad1 Na5 17. Ne2 h6 18. Bd2 Nc6 19. Bb1 Qf7 {1-0 (37) Moutousis,K (2389)-Kouskoutis,G (2365) Thessaloniki 2017}) 11... dxc4 12. Bxc4 {LiveBook: 3 Games} h6 {The position is equal.} 13. Bh4 Nc6 $1 14. Ne2 $146 ({Predecessor:} 14. d5) 14... Qd7 (14... Rc8 $15 {keeps the upper hand.}) 15. Bxf6 $1 $16 gxf6 16. Qd3 (16. d5 $16) 16... f5 (16... Rad8 $14) 17. Rad1 (17. d5 $16) 17... Rad8 18. d5 {And now Nf4 would win.} Ne5 (18... Ne7 $14) 19. Qg3+ Ng6 20. h4 ({Better is} 20. Nf4 $16 Kh7 21. Nxg6 fxg6 22. dxe6) 20... e5 $1 $14 21. f4 $1 {[#] Black must now prevent h5.} exf4 (21... Qc7 $14 22. Bb3 Qc5+ 23. Kh1 Kh8) 22. Nxf4 $18 Kh7 23. Nxg6 (23. Bd3 $18) 23... fxg6 $14 24. h5 (24. Rfe1 $14) 24... Qd6 (24... gxh5 $11 25. Qf3 Qd6) 25. Qd3 {Precision: White = 26%, Black = 27%.} 1/2-1/2

[Event "CZE-ch Open 2018"]
[Site "Ostrava"]
[Date "2018.05.01"]
[Round "4"]
[White "Benes, Miroslav"]
[Black "Konopka, Michal"]
[Result "1/2-1/2"]
[WhiteElo "2004"]
[BlackElo "2373"]
[Annotator "TA"]
[PlyCount "68"]
[EventDate "2018.??.??"]
[EventCountry "CZE"]
[SourceTitle "playchess.com"]
[Source "ChessBase"]
[SourceQuality "1"]

{[%evp 14,68,0,-37,27,18,35,37,22,27,42,26,48,38,52,39,55,39,49,40,46,60,56,43,34,11,21,19,20,27,35,35,35,32,36,36,40,8,10,8,16,-8,0,0,0,0,0,0,0,0,0,0,0,0,0,0,0]} 1. d4 Nf6 2. c4 c6 3. Nc3 d5 4. Bg5 dxc4 5. a4 Qa5 6. Nf3 {D10: Slav Defence: 3 cxd5 (without early Nf3) and 3 Nc3} Ne4 7. Bd2 Nxd2 8. Nxd2 {LiveBook: 6 Games} (8. Qxd2 {looks sharper.} Nd7 9. e3 e5 10. Bxc4 Bb4 11. O-O) 8... Be6 $146 (8... e5 $15 9. Nxc4 Qb4) ({Predecessor:} 8... g6 9. e3 Bg7 10. Bxc4 O-O 11. O-O Nd7 12. Ba2 e5 13. Nc4 Qd8 {½-½ (50) Agdestein,S (2586)-Guidarelli,L (2438) Calvi 2005}) 9. e3 $11 g6 10. Bxc4 Bxc4 11. Nxc4 Qc7 12. O-O Bg7 13. b4 O-O 14. Qb3 Nd7 {[%cal Bb8d7,Bd7f6,Bf6d5][%mdl 32]} 15. Rac1 Rac8 16. Rfd1 Rfd8 17. a5 Nf6 18. Ne5 e6 19. a6 Nd5 20. axb7 Qxb7 21. Nd3 a5 22. Nxd5 cxd5 23. b5 Qb6 24. Nc5 Bf8 {[%cal Rf8c5]} 25. Nd7 Qd6 {The position is equal.} 26. Nxf8 Rxf8 27. b6 {[#] b7 is the strong threat.} Rb8 28. Rb1 Rb7 29. Rd2 a4 30. Qxa4 Rxb6 31. Rxb6 Qxb6 32. Qd1 Ra8 33. h4 h5 34. g3 Ra3 {Precision: White = 75%, Black = 65%.} 1/2-1/2

[Event "CZE-ch Open 2018"]
[Site "Ostrava"]
[Date "2018.05.02"]
[Round "5"]
[White "Krejci, Jan"]
[Black "Simek, Petr"]
[Result "1-0"]
[WhiteElo "2582"]
[BlackElo "2378"]
[Annotator "TA"]
[PlyCount "79"]
[EventDate "2018.??.??"]
[EventCountry "CZE"]
[SourceTitle "playchess.com"]
[Source "ChessBase"]
[SourceQuality "1"]

{[%evp 27,79,23,34,37,78,37,36,27,62,53,51,11,19,0,0,0,17,22,30,35,72,12,12,16,48,44,65,41,77,70,122,43,51,37,44,0,0,0,0,0,0,0,160,165,166,160,146,141,345,315,308,274,268,250]} 1. e4 e5 2. Nf3 Nc6 3. Bb5 a6 4. Ba4 Nf6 5. O-O Be7 6. Re1 b5 7. Bb3 O-O 8. d4 d6 9. c3 Bg4 10. Be3 Na5 11. dxe5 Bxf3 12. Qxf3 dxe5 13. Bc2 {C91: Closed Ruy Lopez: 7...d6 8 c3 0-0 9 d4} c5 14. Nd2 Qc7 {LiveBook: 3 Games} 15. Nf1 {[#] White is slightly better.} h6 $146 ({Predecessor:} 15... Nc4 16. Bc1 g6 17. Bg5 Nh5 18. Bh6 Ng7 19. b3 Nb6 20. Ne3 Rfd8 {0-1 (78) Van den Doel,E (2574)-Nikolic,P (2629) Leiden 2011}) 16. Rad1 Rad8 17. Bc1 Nh7 18. Rd5 Bg5 19. Bxg5 Nxg5 20. Qg3 Nc4 21. Ne3 Nxe3 (21... Nxb2 {feels hotter.} 22. Rxe5 Ne6 23. Nd5 Qd6 24. f4 Kh8) 22. Qxe3 Ne6 23. g3 Rd7 24. Bd1 (24. Red1 $16 Rfd8 25. b3) 24... Rfd8 $11 25. Bf3 Kh8 26. h4 Kg8 27. Kg2 Kh8 28. Red1 Kg8 ({Better is} 28... c4 $14) 29. a4 (29. b3 $16) 29... c4 $14 30. axb5 axb5 31. h5 Ng5 32. Bg4 Rxd5 33. exd5 Qd6 34. Bf5 Ra8 $2 {[#]} (34... Qf6 $11 35. Bg4 Qd6) 35. f4 $16 exf4 36. gxf4 Nh7 37. Qe5 $36 {[%mdl 2048] Keeping Black busy.} Rd8 $2 (37... Qb6 $16) 38. Qxd6 {White has a decisive advantage.} Rxd6 {[#]} 39. Bxh7+ $1 Kxh7 40. Kf3 {Precision: White = 49%, Black = 36%.} 1-0